Pacific salmon & steelhead trout /

Bibliographic Details
Main Author: Childerhose, R. J.
Other Authors: Trim, Marj
Format: Book
Language:English
Published: Vancouver, B.C. : Seattle : Douglas & McIntyre ; University of Washington Press, 1981
Subjects:

MARC

Tag First Indicator Second Indicator Subfields
LEADER 00000cam a2200000 a 4500
001 in00000386321
005 20151011095326.0
008 820408c19811979bcca 00010 eng d
020 |a 0888943423 (Canada) 
020 |a 0295958669 (U.S.) 
035 |a (OCoLC)08322033 
035 |9 ABR1868AM 
040 |a SWO  |c SWO  |d TXA  |d UtOrBLW 
043 |a n-usw--  |a n-cn-bc 
049 |a TXAM  |c [1809072] 
090 |a QL638.S2  |b C43 1981 
100 1 |a Childerhose, R. J. 
245 1 0 |a Pacific salmon & steelhead trout /  |c R.J. Childerhose, Marj Trim. 
264 1 |a Vancouver, B.C. :  |b Douglas & McIntyre ;  |a Seattle :  |b University of Washington Press,  |c 1981 
264 4 |c ©1979 
300 |a 158 pages :  |b illustrations (some color) ;  |c 32 cm. 
336 |a text  |b txt  |2 rdacontent 
337 |a unmediated  |b n  |2 rdamedia 
338 |a volume  |b nc  |2 rdacarrier 
500 |a Title on spine: Pacific salmon. 
650 0 |a Pacific salmon. 
650 0 |a Steelhead (Fish) 
650 0 |a Fishes  |x Conservation  |z Northwest, Pacific. 
700 1 |a Trim, Marj. 
740 0 |a Pacific salmon. 
999 |a MARS 
999 f f |s 6dfcd557-f3c4-36ef-89c5-144a35c8a5ef  |i 5ad43782-1501-3d42-8d95-c090613121e9  |t 0 
952 f f |p ric  |a Texas A&M University  |b Rellis Campus  |c Joint Library Facility  |d Remote Storage  |t 0  |e QL638.S2 C43 1981  |h Library of Congress classification  |i unmediated -- volume  |m A14807580773 
998 f f |a QL638.S2 C43 1981  |t 0  |l Remote Storage